تيسير الوحيين بالاقتصار على القرآن مع الصحيحين / (Record no. 16209)
[ view plain ]
| 000 -الفاتح | |
|---|---|
| حقل البيانات ثابتة الطول | 00912nam a22002177a 4500 |
| 005 - وقت وتاريخ اخر تعامل مع التسجيلة | |
| رقم الضبط | 20111115115151.0 |
| 008 - عناصر البيانات ثابتة الطول - معلومات عامة | |
| حقل البيانات ثابتة الطول | 111115s1954 ua|||||| ||| 00| 0ara dd |
| 082 ## - رقم تصنيف ديوى العشرى | |
| رقم الطبعة | 22 |
| رقم التصنيف | 252 |
| رقم المادة | ن ج د |
| 100 ## - المدخل الرئيسى - إسم شخصى | |
| 9 (RLIN) | 27746 |
| الإسم الشخصى | النجدي، عبدالعزيز بن راشد |
| 245 ## - بيان العنوان | |
| العنوان | تيسير الوحيين بالاقتصار على القرآن مع الصحيحين / |
| بيان المسئوليه,etc | تاليف عبد العزيز راشد. |
| 250 ## - بيان الطبعة | |
| بيان الطبعة | ط. 2. |
| 260 ## - PUBLICATION, DISTRIBUTION, ETC. (IMPRINT) | |
| مكان الناشر او الموزع | [القاهرة] : |
| اسم الناشر او الموزع | مطبعة السنة المحمدية، |
| تاريخ النشر أو التوزيع | 1954. |
| 300 ## - الوصف المادى | |
| التعداد | 280 ص. ؛ |
| أبعاد الوعاء | 24 سم. |
| 650 ## - المدخل الاضافى بالموضوع-مصطلح موضوعى | |
| 9 (RLIN) | 27998 |
| مصطلح موضوعي أو اسم جغرافي كعنصر مدخل | العبادات (فقه إسلامي) |
| 650 ## - المدخل الاضافى بالموضوع-مصطلح موضوعى | |
| 9 (RLIN) | 27999 |
| مصطلح موضوعي أو اسم جغرافي كعنصر مدخل | الحج |
| 650 ## - المدخل الاضافى بالموضوع-مصطلح موضوعى | |
| 9 (RLIN) | 28000 |
| مصطلح موضوعي أو اسم جغرافي كعنصر مدخل | الزكاة |
| 650 ## - المدخل الاضافى بالموضوع-مصطلح موضوعى | |
| 9 (RLIN) | 28001 |
| مصطلح موضوعي أو اسم جغرافي كعنصر مدخل | الطهارة |
| 653 ## - مصطلح تكشيفى غير مقيد | |
| Arrived date list | November2011 |
| Resource For college | |
| 942 ## - عناصر المدخل الإضافي( كوها) | |
| مصدر التصنيف او مخطط الترفيف | Dewey Decimal Classification |
| Koha [default] item type | Book - Borrowing |
| حالة التراجع | حالة الفقد | مصدر التصنيف او خطة الترفيف | حالة تلف | ليس للاعارة | مجموعات كوها | المكان الدائم | المكان الحالي | موقع الترفيف | تاريخ الاكتساب | Source of acquisition | رقم الاستدعاء | الباركود | Date last seen | نوع الوعاء |
|---|---|---|---|---|---|---|---|---|---|---|---|---|---|---|
| Dewey Decimal Classification | Alef-Baa | Central Library | Central Library | Lower Floor | 15/11/2011 | Purchase | 252 ن ج د | 000025629 | 15/07/2025 | Book - Borrowing |